La filosofía estoica.
Zapisane w:
| 1. autor: | |
|---|---|
| Format: | Książka |
| Wydane: |
Barcelona, España:
Crítica,
1995.
|
| Seria: | Crítica/Filosofía,
|
| Hasła przedmiotowe: | |
| Etykiety: |
Dodaj etykietę
Nie ma etykietki, Dołącz pierwszą etykiete!
|
MARC
| LEADER | 00000nam a22000007a 4500 | ||
|---|---|---|---|
| 003 | CL-VaPUC | ||
| 005 | 20220822114523.0 | ||
| 008 | 220624t1995 ||||| |||| 00| 0 eng d | ||
| 999 | |c 436340 |d 436338 | ||
| 040 | |c Pontificia Universidad Católica de Valparaíso | ||
| 082 | |2 22 |a 188 RIS 1995 | ||
| 100 | 1 | |a Rist, J. M |e autor |9 871453 | |
| 245 | 1 | 3 | |a La filosofía estoica. |
| 260 | |a Barcelona, España: |b Crítica, |c 1995. | ||
| 300 | |a 323 páginas. | ||
| 440 | |a Crítica/Filosofía, |n 24 |9 871454 | ||
| 500 | |a c.1 Donación Familia Prof. Alejandro Guzmán Brito. | ||
| 583 | |c 20220624 |k Carolina Mena Serrano | ||
| 650 | |a Estoicismo |x Filosofía griega |x Escuelas filosóficas |9 871455 | ||
| 942 | |2 ddc |c BK |n 0 | ||
| 952 | |0 0 |1 0 |2 ddc |4 0 |6 188_000000000000000_RIS_1995 |7 0 |8 C_AGB |9 584048 |a BIBDER |b BIBDER |d 2022-06-24 |e Donación |i 5652137 |l 1 |o 188 RIS 1995 |p 5652137 |r 2023-08-24 |s 2023-08-24 |t 1 |w 2022-06-24 |y BK_US |k AGB | ||